Countries - Most Appearing Letters - Statistics

General Stats
  • This quiz has been taken 97 times
  • The average score is 16 of 26
Answer Stats
# Amount Answer % Correct
1st 275 A
100%
2nd 160 I
99%
4th 122 E
90%
3rd 146 N
90%
5th 102 R
84%
6th 95 O
83%
7th 82 S
82%
8th 81 T
79%
9th 73 U
78%
10th 69 L
77%
11th 56 M
70%
12th 54 D
68%
13th 51 C
61%
14th 49 B
58%
16th 32 H
56%
15th 46 G
55%
17th 27 P
51%
26th 2 X
44%
18th 21 K
43%
21st 15 Z
43%
25th 4 Q
39%
19th 20 Y
39%
20th 18 V
38%
22ns 12 W
32%
23rd 10 F
30%
24th 7 J
29%
No matching quizzes found
Score Distribution
Percent of People with Each Score
Percentile by Number Answered
Your Score History
You have not taken this quiz